[Event "CAN-op"]
[Site "Toronto CAN"]
[Date "2010.07.10"]
[Round "1"]
[White "Gusev, Nikita"]
[Black "Shabalov, Alexander"]
[Result "0-1"]
[WhiteElo "2266"]
[BlackElo "2618"]
[PlyCount "114"]
[EventDate "2010.07.10"]
[EventType "swiss"]
[EventRounds "9"]
[EventCountry "CAN"]

1. e4 c5 2. Nf3 d6 3. d4 cxd4 4. Nxd4 Nf6 5. Nc3 a6 6. Be3 e6 7. Be2 Be7 8. O-O
O-O 9. f4 Qc7 10. a4 b6 11. Kh1 Bb7 12. Bf3 Nbd7 13. Nb3 Rac8 14. Qe1 Qb8 15.
Rd1 Rfe8 16. Qf2 Rxc3 17. bxc3 Nxe4 18. Bxe4 Bxe4 19. Rde1 Qb7 20. Bxb6 Bh4 21.
Na5 Qd5 22. c4 Bxf2 23. cxd5 Bxe1 24. Rxe1 Bxd5 25. Bc7 Rc8 26. c4 Bxg2+ 27.
Kxg2 Rxc7 28. Rd1 Nc5 29. Rxd6 g6 30. Kf3 Kg7 31. Rb6 Nxa4 32. Rxa6 Nb2 33. Rb6
Nxc4 34. Nxc4 Rxc4 35. Rb5 Rc3+ 36. Kg2 Kf6 37. Ra5 h6 38. h4 Rd3 39. Rb5 Rd5
40. Rb7 g5 41. hxg5+ hxg5 42. fxg5+ Rxg5+ 43. Kf3 Ra5 44. Ke3 Ra4 45. Kf3 e5
46. Ke3 Ke6 47. Rb6+ Kf5 48. Rb3 f6 49. Kf3 Rh4 50. Rb6 Rh3+ 51. Ke2 e4 52. Kf2
Ke5 53. Ke2 f5 54. Rb8 Rh2+ 55. Kf1 Kf4 56. Rf8 e3 57. Ke1 Ke4 0-1

[Event "CAN-op"]
[Site "Toronto CAN"]
[Date "2010.07.10"]
[Round "1"]
[White "Kagramanov, Dina"]
[Black "Pechenkin, Vladimir"]
[Result "0-1"]
[WhiteElo "2226"]
[BlackElo "2432"]
[PlyCount "54"]
[EventDate "2010.07.10"]
[EventType "swiss"]
[EventRounds "9"]
[EventCountry "CAN"]

1. e4 Nf6 2. e5 Nd5 3. d4 d6 4. c4 Nb6 5. f4 dxe5 6. fxe5 Nc6 7. Be3 Bf5 8. Nc3
e6 9. Nf3 Qd7 10. d5 exd5 11. cxd5 Nb4 12. Nd4 N6xd5 13. Nxd5 Nxd5 14. Nxf5
Bb4+ 15. Bd2 Qxf5 16. Qa4+ c6 17. O-O-O Bxd2+ 18. Rxd2 O-O 19. Qd4 Rfe8 20. Re2
Qf4+ 21. Qxf4 Nxf4 22. Re3 Ng6 23. Bc4 Rxe5 24. Rf3 Rc5 25. Rc3 Ne5 26. Re1
Nxc4 27. b4 Re5 0-1

[Event "CAN-op"]
[Site "Toronto CAN"]
[Date "2010.07.10"]
[Round "1"]
[White "Kret, Ted"]
[Black "Haessel, Dale"]
[Result "1/2-1/2"]
[WhiteElo "2165"]
[BlackElo "2316"]
[PlyCount "159"]
[EventDate "2010.07.10"]
[EventType "swiss"]
[EventRounds "9"]
[EventCountry "CAN"]

1. d4 Nf6 2. c4 g6 3. Nc3 d5 4. g3 Bg7 5. Bg2 dxc4 6. Nf3 c6 7. a4 O-O 8. O-O
Nd5 9. Re1 Nd7 10. Bf1 e5 11. e4 exd4 12. exd5 dxc3 13. bxc3 Bxc3 14. Bh6 cxd5
15. Re3 Bg7 16. Bxg7 Kxg7 17. Qxd5 Nb6 18. Qc5 Qf6 19. Rae1 Bg4 20. Nd2 Rac8
21. Qa5 Qc6 22. Bg2 Qxa4 23. Qc3+ Kg8 24. Bxb7 Rc7 25. Ne4 Nd7 26. Nd6 Be6 27.
Bg2 Qb3 28. Qa1 c3 29. Rc1 Qb2 30. Be4 Rb8 31. Qxb2 Rxb2 32. Rexc3 Rxc3 33.
Rxc3 Nf6 34. Ra3 Rb6 35. Rd3 Nxe4 36. Nxe4 Bh3 37. f3 Bf5 38. Ra3 Bxe4 39. fxe4
a6 40. Kg2 Kf8 41. Kf3 Ke7 42. Kf4 Ke6 43. g4 f6 44. h4 Kd6 45. g5 Ke6 46. gxf6
Kxf6 47. Ra5 h6 48. Rc5 Ke6 49. Rd5 Rb8 50. Ra5 Ra8 51. e5 Ra7 52. Ke4 g5 53.
hxg5 hxg5 54. Ra1 g4 55. Rg1 Rb7 56. Ra1 Rb4+ 57. Ke3 Rb6 58. Ke4 g3 59. Ra3 g2
60. Ra1 a5 61. Kf3 Rb2 62. Kg3 Ra2 63. Re1 a4 64. Kh2 Rb2 65. Ra1 Rb4 66. Kxg2
Kxe5 67. Kf2 Kd4 68. Ra3 Kc4 69. Ke2 Rb2+ 70. Kd1 Kb4 71. Rh3 Rb3 72. Rh4+ Ka3
73. Kc1 Rg3 74. Kc2 Rg8 75. Kb1 Rb8+ 76. Ka1 Rb3 77. Rh2 Rg3 78. Ra2+ Kb3 79.
Rb2+ Kc3 80. Ka2 1/2-1/2

[Event "CAN-op"]
[Site "Toronto CAN"]
[Date "2010.07.10"]
[Round "1"]
[White "Loadman, Ian"]
[Black "Calugar, Arthur"]
[Result "1/2-1/2"]
[WhiteElo "2202"]
[BlackElo "2372"]
[PlyCount "115"]
[EventDate "2010.07.10"]
[EventType "swiss"]
[EventRounds "9"]
[EventCountry "CAN"]

1. e4 c5 2. Nf3 Nc6 3. Bb5 g6 4. c3 Nf6 5. e5 Nd5 6. O-O Bg7 7. d4 cxd4 8. cxd4
Nc7 9. Bxc6 dxc6 10. h3 O-O 11. Nc3 Be6 12. Bg5 Qd7 13. Qd2 Rad8 14. Rfd1 f6
15. Bh6 Bd5 16. Nxd5 Nxd5 17. Bxg7 Kxg7 18. Re1 h6 19. exf6+ exf6 20. Re2 Rde8
21. Rae1 Rxe2 22. Qxe2 Rf7 23. Qe8 Qxe8 24. Rxe8 Rd7 25. g3 Kf7 26. Re2 h5 27.
h4 a5 28. Kf1 Re7 29. Rxe7+ Kxe7 30. Ke2 Ke6 31. Ne1 Kf5 32. f3 g5 33. Ng2 Ke6
34. Kd2 b5 35. g4 gxh4 36. Nxh4 hxg4 37. fxg4 Kf7 38. Ke2 Kg7 39. Kd2 Kh6 40.
Nf3 Kg6 41. Ke2 Kf7 42. Kd2 Ke6 43. Nh4 a4 44. Nf5 Kf7 45. Nh4 Ke7 46. Nf5+ Kd7
47. a3 Ke6 48. Kd3 Nb6 49. Ne3 Kf7 50. Ke4 Kg6 51. Kf4 Nd5+ 52. Nxd5 cxd5 53.
Kf3 Kg5 54. Kg3 Kh6 55. Kf4 Kg6 56. Kf3 Kh6 57. Kf4 Kg6 58. Kf3 1/2-1/2

[Event "CAN-op"]
[Site "Toronto CAN"]
[Date "2010.07.10"]
[Round "1"]
[White "MacKinnon, Keith"]
[Black "Gerzhoy, Leonid"]
[Result "1/2-1/2"]
[WhiteElo "2280"]
[BlackElo "2630"]
[PlyCount "82"]
[EventDate "2010.07.10"]
[EventType "swiss"]
[EventRounds "9"]
[EventCountry "CAN"]

1. e4 c6 2. d4 d5 3. e5 Bf5 4. Nf3 e6 5. Be2 c5 6. Be3 cxd4 7. Nxd4 Ne7 8. c4
Nbc6 9. Nc3 Nxd4 10. Bxd4 dxc4 11. Bxc4 Nc6 12. Bb5 Be7 13. O-O O-O 14. Bxc6
bxc6 15. Rc1 Qb8 16. Ne2 c5 17. Bc3 Rd8 18. Qa4 Bd3 19. Rfe1 Qb5 20. Qxb5 Bxb5
21. Ba5 Rdc8 22. Nc3 Bd3 23. Ne4 c4 24. Re3 Rcb8 25. Bc3 a5 26. g3 a4 27. a3 h6
28. Rd1 Rb5 29. Rd2 Rd5 30. f3 Bd8 31. Re1 Bc7 32. Nf2 Rb8 33. Nxd3 cxd3 34.
Re4 Ba5 35. Bxa5 Rxa5 36. Kf2 g5 37. Rd4 Rab5 38. Rxa4 Rxb2 39. Ke3 Kg7 40. h4
Rxd2 41. Kxd2 Rb3 1/2-1/2

[Event "CAN-op"]
[Site "Toronto CAN"]
[Date "2010.07.10"]
[Round "1"]
[White "Mulyar, Michael"]
[Black "Gelis, Paul"]
[Result "1-0"]
[WhiteElo "2380"]
[BlackElo "2216"]
[PlyCount "79"]
[EventDate "2010.07.10"]
[EventType "swiss"]
[EventRounds "9"]
[EventCountry "CAN"]

1. c4 c6 2. d4 d5 3. Nc3 Nf6 4. e3 e6 5. Nf3 Nbd7 6. Bd3 dxc4 7. Bxc4 b5 8. Bd3
Bb7 9. O-O a6 10. e4 c5 11. d5 c4 12. Bc2 e5 13. Ne2 Bd6 14. Ng3 O-O 15. Nf5
Nc5 16. Qe2 Qc7 17. Bg5 Ne8 18. b3 f6 19. Be3 a5 20. bxc4 bxc4 21. Rfc1 Ba6 22.
Qd2 g6 23. Nh6+ Kh8 24. Qc3 Ng7 25. Nd2 Rac8 26. Nxc4 Nxe4 27. Bxe4 Bxc4 28.
Bd3 Bxd5 29. Qd2 Qb7 30. Rxc8 Qxc8 31. Bf1 Qe6 32. Rd1 Bxa2 33. Qxd6 Qxd6 34.
Rxd6 a4 35. Ra6 Bb3 36. Ng4 Nh5 37. h3 Rd8 38. Bb5 Rd1+ 39. Kh2 Ra1 40. Bh6 1-0

[Event "CAN-op"]
[Site "Toronto CAN"]
[Date "2010.07.10"]
[Round "1"]
[White "Puri, Vinny"]
[Black "Kryvoruchko, Yuriy"]
[Result "1-0"]
[WhiteElo "2326"]
[BlackElo "2178"]
[PlyCount "76"]
[EventDate "2010.07.10"]
[EventType "swiss"]
[EventRounds "9"]
[EventCountry "CAN"]

1. d4 Nf6 2. c4 e6 3. Nf3 b6 4. g3 Ba6 5. b3 Bb4+ 6. Bd2 Be7 7. Nc3 c6 8. Bg2
d5 9. O-O Nbd7 10. Qc2 O-O 11. Rfd1 Rc8 12. e4 dxc4 13. e5 Nd5 14. Ne4 cxb3 15.
axb3 Be2 16. Neg5 g6 17. h4 Bxd1 18. Rxd1 c5 19. h5 cxd4 20. Qe4 Re8 21. hxg6
hxg6 22. Nxe6 Nc5 23. Nxc5 Bxc5 24. Ng5 Nf6 25. Qf4 Be7 26. exf6 Bxf6 27. Qh4
Re7 28. Qh7+ Kf8 29. Ne4 Rxe4 30. Bxe4 a5 31. Bh6+ Ke7 32. Re1 Qg8 33. Bb7+ Kd6
34. Bf4+ Kc5 35. Qh1 Kb5 36. Bxc8 Qxc8 37. Qd5+ Ka6 38. Qxf7 Qc3 1-0

[Event "CAN-op"]
[Site "Toronto CAN"]
[Date "2010.07.10"]
[Round "1"]
[White "Qin, Zi Yi (Joey)"]
[Black "Zaczek, Jonathan"]
[Result "1-0"]
[WhiteElo "2340"]
[BlackElo "2179"]
[PlyCount "137"]
[EventDate "2010.07.10"]
[EventType "swiss"]
[EventRounds "9"]
[EventCountry "CAN"]

1. e4 c5 2. Nf3 d6 3. d4 cxd4 4. Nxd4 Nf6 5. Nc3 a6 6. Bc4 e6 7. Bb3 b5 8. Qf3
Qc7 9. O-O Be7 10. Qg3 O-O 11. Bh6 Ne8 12. Rad1 Kh8 13. Bg5 Bxg5 14. Qxg5 Nf6
15. a3 Nc6 16. Nxc6 Qxc6 17. Qf4 Rd8 18. Rd2 Bb7 19. f3 Rd7 20. Rfd1 Rad8 21.
Kh1 Qc7 22. Qg3 h6 23. Rd4 Bc6 24. a4 e5 25. R4d2 b4 26. Ne2 d5 27. exd5 Nxd5
28. Qf2 Nb6 29. Rxd7 Rxd7 30. Rxd7 Bxd7 31. Qh4 Bxa4 32. Qxb4 Bxb3 33. Qxb3 f6
34. Qd3 a5 35. h3 Qc6 36. Nc3 Nc4 37. b3 Nd6 38. Ne4 Nf5 39. Nd2 Nd6 40. c4 Nb7
41. Ne4 Nc5 42. Nxc5 Qxc5 43. Qd7 Qa3 44. Kh2 Qb4 45. Qc8+ Kh7 46. Qf5+ Kh8 47.
Qd7 Kg8 48. Qe8+ Kh7 49. Qb5 Qd2 50. c5 Qf4+ 51. Kg1 Qe3+ 52. Kf1 Qc1+ 53. Kf2
f5 54. Qc4 Qd2+ 55. Kg3 Qe1+ 56. Kh2 h5 57. Qf7 f4 58. Qxh5+ Kg8 59. Qg4 Qc3
60. Qe6+ Kh7 61. c6 Qe1 62. Qf5+ Kh6 63. Qe4 Qc3 64. h4 g6 65. Qe2 Qc5 66. Qe1
Kh7 67. Qd2 Kh6 68. Qd8 Qf2 69. Qh8# 1-0

[Event "CAN-op"]
[Site "Toronto CAN"]
[Date "2010.07.10"]
[Round "1"]
[White "Rozentalis, Eduardas"]
[Black "Aronov, Yuri"]
[Result "1-0"]
[WhiteElo "2607"]
[BlackElo "2301"]
[PlyCount "93"]
[EventDate "2010.07.10"]
[EventType "swiss"]
[EventRounds "9"]
[EventCountry "CAN"]

1. e4 c5 2. Nf3 Nc6 3. Bb5 e6 4. Bxc6 bxc6 5. O-O Ne7 6. c3 Ng6 7. d4 Be7 8. b3
O-O 9. Ba3 cxd4 10. Bxe7 Qxe7 11. cxd4 f5 12. e5 c5 13. dxc5 Qxc5 14. Nbd2 Bb7
15. Rc1 Qd5 16. Qe2 Rfc8 17. Qe3 Rxc1 18. Rxc1 Qa5 19. a4 Bd5 20. Qd4 Rb8 21.
Rc5 Qb6 22. Rb5 Qc7 23. Rxb8+ Qxb8 24. b4 Qb6 25. Qxb6 axb6 26. g3 Kf8 27. Kf1
Ke7 28. Ke2 Kd8 29. h4 h5 30. Ke3 Kc7 31. Kd4 f4 32. Ng1 Bc6 33. b5 Bd5 34. Ne2
fxg3 35. fxg3 Ne7 36. Ke3 Ng6 37. Nf4 Nxe5 38. Nxh5 g6 39. Nf4 Bh1 40. Kd4 Kd6
41. Ne4+ Bxe4 42. Kxe4 g5 43. hxg5 Nc4 44. Kd4 Na5 45. Nd3 Nb7 46. Ne5 Ke7 47.
Nc4 1-0

[Event "CAN-op"]
[Site "Toronto CAN"]
[Date "2010.07.10"]
[Round "1"]
[White "Sapozhnikov, Roman"]
[Black "Morrison, Kyle"]
[Result "1/2-1/2"]
[WhiteElo "2434"]
[BlackElo "2228"]
[PlyCount "67"]
[EventDate "2010.07.10"]
[EventType "swiss"]
[EventRounds "9"]
[EventCountry "CAN"]

1. e4 c5 2. Nf3 d6 3. d4 cxd4 4. Nxd4 Nf6 5. Nc3 a6 6. h3 e6 7. g4 b5 8. Bg2
Bb7 9. O-O b4 10. Nd5 exd5 11. exd5 Be7 12. Nf5 O-O 13. Re1 Re8 14. g5 Nfd7 15.
Bf4 Bf8 16. Rxe8 Qxe8 17. Bxd6 a5 18. Qd4 Na6 19. Bxf8 Qxf8 20. Re1 Ndc5 21.
Re3 Rd8 22. Ne7+ Kh8 23. g6 fxg6 24. Qh4 Qf6 25. Nxg6+ Kg8 26. Ne7+ Kh8 27.
Ng6+ Kg8 28. Ne7+ Kh8 29. Qg3 Qxb2 30. Ng6+ Kg8 31. Ne7+ Kh8 32. Ng6+ Kg8 33.
Ne7+ Kh8 34. Ng6+ 1/2-1/2

[Event "CAN-op"]
[Site "Toronto CAN"]
[Date "2010.07.10"]
[Round "1"]
[White "Whissell, Mavros"]
[Black "Bzikot, Robert"]
[Result "1/2-1/2"]
[WhiteElo "2120"]
[BlackElo "1984"]
[PlyCount "112"]
[EventDate "2010.07.10"]
[EventType "swiss"]
[EventRounds "9"]
[EventCountry "CAN"]

1. e4 d6 2. d4 Nf6 3. Nc3 g6 4. Bg5 Bg7 5. f4 h6 6. Bh4 c5 7. e5 Nh5 8. dxc5
dxe5 9. Qxd8+ Kxd8 10. O-O-O+ Bd7 11. fxe5 Bxe5 12. Nd5 g5 13. Be1 Nc6 14. Nf3
Bg7 15. Bb5 Rc8 16. Bxc6 Rxc6 17. Ba5+ Ke8 18. Nc7+ Kd8 19. Ne6+ Kc8 20. Nxg7
Nxg7 21. Bc3 f6 22. Rhe1 Re8 23. b4 e5 24. Rd2 Bg4 25. Ng1 Rd8 26. Rxd8+ Kxd8
27. h3 Bh5 28. g4 Bg6 29. Rd1+ Ke7 30. b5 Rc8 31. Bb4 Ne8 32. Ne2 Ke6 33. Nc3
Rc7 34. Nd5 Rd7 35. c4 Be4 36. c6 bxc6 37. bxc6 Rxd5 38. cxd5+ Bxd5 39. Bc5 a6
40. a3 Bxc6 41. Rd8 Kf7 42. Kd2 Kg6 43. Bf8 h5 44. Ke2 hxg4 45. hxg4 f5 46.
gxf5+ Kxf5 47. Kf2 Kf4 48. Bc5 g4 49. Be3+ Kf5 50. Bh6 Nf6 51. Rf8 Kg6 52. Be3
Ne4+ 53. Kg1 Nf6 54. Rd8 Kf5 55. Rf8 Kg6 56. Rd8 Kf5 1/2-1/2

[Event "CAN-op"]
[Site "Toronto CAN"]
[Date "2010.07.10"]
[Round "1"]
[White "Zator, Ed"]
[Black "Moran-Venegas, Mario"]
[Result "1-0"]
[WhiteElo "1835"]
[BlackElo "1704"]
[PlyCount "109"]
[EventDate "2010.07.10"]
[EventType "swiss"]
[EventRounds "9"]
[EventCountry "CAN"]

1. e4 c5 2. Nf3 d6 3. d4 cxd4 4. Nxd4 Nf6 5. Nc3 a6 6. Bc4 e6 7. Bb3 Be7 8. O-O
O-O 9. f4 Nbd7 10. Kh1 Nc5 11. e5 dxe5 12. fxe5 Nxb3 13. exf6 Nxa1 14. fxe7
Qxe7 15. Be3 Nxc2 16. Qxc2 b5 17. Qe4 Bb7 18. Qg4 Rac8 19. Bg5 f6 20. Bh6 f5
21. Qg3 Rf7 22. Bf4 Rc4 23. Bd6 Qd7 24. Qe5 Rxd4 25. Qxd4 Qc6 26. Rf2 Rd7 27.
Rd2 a5 28. Qe5 b4 29. Qxe6+ Rf7 30. Re2 g6 31. Qe8+ Qxe8 32. Rxe8+ Kg7 33. Ne2
Rd7 34. Re7+ Rxe7 35. Bxe7 Bd5 36. Bd8 a4 37. Nc1 b3 38. a3 Bc4 39. Kg1 Kf7 40.
Kf2 h6 41. Ke3 Bd5 42. g3 g5 43. Kd4 Bc6 44. Ke5 Kg6 45. Ne2 Bd7 46. Nd4 h5 47.
Kd6 Be8 48. Nc6 f4 49. Ne7+ Kf7 50. gxf4 gxf4 51. Nf5 Kg6 52. Nd4 Bf7 53. Ke5
Be8 54. Kxf4 Kf7 55. Kg5 1-0

[Event "CAN-op"]
[Site "Toronto CAN"]
[Date "2010.07.11"]
[Round "2"]
[White "Ber, Yves"]
[Black "Armstrong, Robert J"]
[Result "1/2-1/2"]
[WhiteElo "1914"]
[BlackElo "1800"]
[PlyCount "90"]
[EventDate "2010.07.10"]
[EventType "swiss"]
[EventRounds "9"]
[EventCountry "CAN"]

1. d4 g6 2. c4 Bg7 3. Nc3 Nf6 4. e4 d6 5. Be2 O-O 6. Bg5 h6 7. Be3 c6 8. h3 Qa5
9. Qd2 Kh7 10. Nf3 Bd7 11. g4 Ng8 12. g5 h5 13. Bd3 e5 14. d5 cxd5 15. cxd5 Na6
16. Nb5 Qxd2+ 17. Bxd2 Nc5 18. Bc4 Bxb5 19. Bxb5 Nxe4 20. Bb4 Ne7 21. Rd1 Rac8
22. Ba4 Rc4 23. a3 Rfc8 24. Bb3 Rc1 25. Ke2 Rxd1 26. Rxd1 Bf8 27. Nd2 Nxd2 28.
Rxd2 Nf5 29. Ba4 Rc4 30. Bd7 Re4+ 31. Kf1 Nd4 32. Rd3 Be7 33. Rc3 Bxg5 34. Bxd6
Bh4 35. Bc5 Rf4 36. Bxd4 exd4 37. Rc2 d3 38. Rd2 Rd4 39. Bb5 Rxd5 40. Bxd3 Rd6
41. b3 Bg5 42. Rd1 Rf6 43. Kg2 Rd6 44. b4 Kh6 45. Be2 Rxd1 1/2-1/2

[Event "CAN-op"]
[Site "Toronto CAN"]
[Date "2010.07.11"]
[Round "2"]
[White "Calugar, Arthur"]
[Black "MacKinnon, Keith"]
[Result "0-1"]
[WhiteElo "2372"]
[BlackElo "2280"]
[PlyCount "64"]
[EventDate "2010.07.10"]
[EventType "swiss"]
[EventRounds "9"]
[EventCountry "CAN"]

1. e4 c5 2. Nf3 e6 3. d4 cxd4 4. Nxd4 a6 5. Bd3 Nf6 6. O-O Qc7 7. c4 Nc6 8.
Nxc6 dxc6 9. f4 e5 10. h3 Bc5+ 11. Kh1 h5 12. Nc3 Ng4 13. Qf3 Qd8 14. fxe5 Be6
15. Bf4 g5 16. Bh2 Bd4 17. Rad1 Nxh2 18. Kxh2 Qc7 19. Be2 O-O-O 20. Kh1 Qxe5
21. Na4 Bg4 22. Qd3 Bg1 23. Kxg1 Rxd3 24. Bxg4+ hxg4 25. Rxd3 Qxe4 26. Rg3 gxh3
27. gxh3 f5 28. Nc3 Qh4 29. Rd3 g4 30. Rxf5 gxh3 31. Kh2 Rg8 32. Rxh3 Qg4 0-1

[Event "CAN-op"]
[Site "Toronto CAN"]
[Date "2010.07.11"]
[Round "2"]
[White "Casareno, Erwin"]
[Black "Henry, Liam"]
[Result "1-0"]
[WhiteElo "2105"]
[BlackElo "2311"]
[PlyCount "68"]
[EventDate "2010.07.10"]
[EventType "swiss"]
[EventRounds "9"]
[EventCountry "CAN"]

1. e4 c5 2. Nf3 d6 3. d4 cxd4 4. Nxd4 Nf6 5. Nc3 a6 6. Be3 e5 7. Nb3 Be6 8. f3
Nbd7 9. Qd2 b5 10. Qf2 b4 11. Na4 d5 12. exd5 Nxd5 13. O-O-O Nxe3 14. Qxe3 Be7
15. Qe4 Qc8 16. Rxd7 Bxd7 17. Nb6 Bc6 18. Nxc8 Bxe4 19. Nxe7 Bxf3 20. gxf3 Kxe7
21. Bd3 g6 22. Re1 Kd6 23. Na5 f6 24. Re4 Rhb8 25. Rc4 Rb6 26. Rh4 Rbb8 27. Be4
Ra7 28. Nc6 f5 29. Nxb8 fxe4 30. Rxe4 Ra8 31. Rxb4 Kc7 32. Re4 Rxb8 33. Rxe5
Kd6 34. Ra5 Rb6 1-0

[Event "CAN-op"]
[Site "Toronto CAN"]
[Date "2010.07.11"]
[Round "2"]
[White "Dougherty, Michael"]
[Black "Kret, Ted"]
[Result "0-1"]
[WhiteElo "2322"]
[BlackElo "2165"]
[PlyCount "44"]
[EventDate "2010.07.10"]
[EventType "swiss"]
[EventRounds "9"]
[EventCountry "CAN"]

1. d4 d5 2. c4 e6 3. Nf3 c5 4. cxd5 exd5 5. Nc3 Nc6 6. Bg5 f6 7. Bf4 g5 8. e4
gxf4 9. exd5 Qe7+ 10. Be2 Nxd4 11. Nxd4 cxd4 12. O-O dxc3 13. Bh5+ Kd8 14. Re1
Qd7 15. d6 Bxd6 16. Re8+ Kc7 17. Qb3 Qc6 18. bxc3 f3 19. Rae1 fxg2 20. Qf7+ Qd7
21. Qc4+ Kb8 22. Kxg2 Qh3+ 0-1

[Event "CAN-op"]
[Site "Toronto CAN"]
[Date "2010.07.11"]
[Round "2"]
[White "Gerzhoy, Leonid"]
[Black "Loadman, Ian"]
[Result "1-0"]
[WhiteElo "2630"]
[BlackElo "2202"]
[PlyCount "65"]
[EventDate "2010.07.10"]
[EventType "swiss"]
[EventRounds "9"]
[EventCountry "CAN"]

1. Nf3 f5 2. g3 Nf6 3. Bg2 e6 4. c4 Be7 5. O-O O-O 6. d4 d6 7. b3 a5 8. Bb2 Qe8
9. Nbd2 Ne4 10. Nxe4 fxe4 11. Nd2 d5 12. f3 exf3 13. Bxf3 Nc6 14. cxd5 exd5 15.
Bxd5+ Kh8 16. Rxf8+ Bxf8 17. e4 Qg6 18. Qf1 Bg4 19. Qf7 Be7 20. Qxg6 hxg6 21.
Nc4 Bg5 22. Bxc6 bxc6 23. Ne5 Be6 24. Nxg6+ Kh7 25. Nf4 Bd7 26. a4 Rb8 27. Bc3
Rxb3 28. Bxa5 Bxf4 29. gxf4 Bh3 30. Bxc7 Rb2 31. a5 Rg2+ 32. Kh1 Rd2 33. a6 1-0

[Event "CAN-op"]
[Site "Toronto CAN"]
[Date "2010.07.11"]
[Round "2"]
[White "Haessel, Dale"]
[Black "Frilles, Ruperto"]
[Result "1-0"]
[WhiteElo "2316"]
[BlackElo "2168"]
[PlyCount "61"]
[EventDate "2010.07.10"]
[EventType "swiss"]
[EventRounds "9"]
[EventCountry "CAN"]

1. d4 d5 2. c4 e6 3. Nf3 Be7 4. Nc3 f5 5. Bf4 c6 6. Qc2 Nf6 7. e3 O-O 8. Bd3
Ne4 9. h3 Bd6 10. Ne5 Nd7 11. cxd5 exd5 12. Bxe4 Bxe5 13. Bxd5+ cxd5 14. dxe5
Nb6 15. O-O Be6 16. Nb5 Rc8 17. Qb3 Nc4 18. Rfd1 Qe7 19. Nd4 b6 20. Rac1 Kh8
21. Rc3 h6 22. Qc2 g5 23. Bg3 b5 24. b3 b4 25. Nxe6 Qxe6 26. bxc4 f4 27. exf4
gxf4 28. cxd5 Rxc3 29. Qxc3 bxc3 30. dxe6 fxg3 31. e7 1-0

[Event "CAN-op"]
[Site "Toronto CAN"]
[Date "2010.07.11"]
[Round "2"]
[White "Hambleton, Aman"]
[Black "Malaniuk, Vladimir"]
[Result "1-0"]
[WhiteElo "2315"]
[BlackElo "2551"]
[PlyCount "115"]
[EventDate "2010.07.10"]
[EventType "swiss"]
[EventRounds "9"]
[EventCountry "CAN"]

1. d4 f5 2. c4 Nf6 3. Nc3 d6 4. h4 e6 5. g3 c6 6. Nf3 d5 7. cxd5 exd5 8. Bh3
Bd6 9. Ne5 O-O 10. Bf4 Nh5 11. e3 Nxf4 12. exf4 Nd7 13. O-O Rf6 14. Qd3 Nf8 15.
a3 a5 16. Rfd1 g6 17. Rac1 Ne6 18. Bg2 Rf8 19. Bf3 Be7 20. Qd2 Kg7 21. Re1 Bd6
22. Na4 h6 23. Bg2 Bc7 24. Nc5 Nxc5 25. dxc5 a4 26. Qd4 Qf6 27. Bf3 Kh7 28.
Nxc6 bxc6 29. Qxf6 Rxf6 30. Re7+ Kh8 31. Rxc7 Re6 32. Rc3 Ba6 33. Re3 Rxe3 34.
fxe3 Bb5 35. Rb7 Rd8 36. Rc7 Rb8 37. g4 fxg4 38. Bxg4 Bd3 39. Rc8+ Rxc8 40.
Bxc8 Kg7 41. Bd7 Bb5 42. Kf2 Kf7 43. Ke1 Ke7 44. Bg4 Kf6 45. Kd2 g5 46. fxg5+
hxg5 47. h5 Kg7 48. Kc3 Kh6 49. b3 axb3 50. Kxb3 Bc4+ 51. Kc3 Bb5 52. Kb4 Bd3
53. a4 Kg7 54. Bd7 Be2 55. Bxc6 g4 56. Bxd5 Bf3 57. Be6 g3 58. Bh3 1-0

[Event "CAN-op"]
[Site "Toronto CAN"]
[Date "2010.07.11"]
[Round "2"]
[White "Itkin, David"]
[Black "Whissell, Mavros"]
[Result "1-0"]
[WhiteElo "1966"]
[BlackElo "2120"]
[PlyCount "105"]
[EventDate "2010.07.10"]
[EventType "swiss"]
[EventRounds "9"]
[EventCountry "CAN"]

1. e4 Nf6 2. e5 Nd5 3. Nc3 Nxc3 4. dxc3 d5 5. Bf4 Bf5 6. Bd3 Qd7 7. Ne2 Bxd3 8.
cxd3 e6 9. O-O c5 10. d4 Be7 11. Be3 b6 12. f4 Nc6 13. Ng3 g6 14. Qe2 Rc8 15.
Rac1 Na5 16. b3 cxd4 17. cxd4 O-O 18. Nh1 Rxc1 19. Rxc1 Rc8 20. Nf2 Rxc1+ 21.
Bxc1 Nc6 22. Bb2 Na5 23. Ng4 Qc8 24. g3 Nc6 25. h4 h5 26. Ne3 Bf8 27. g4 Qd8
28. Qh2 Bh6 29. gxh5 gxh5 30. Ng2 Kh8 31. Qh3 Qg8 32. f5 Qg4 33. Qxg4 hxg4 34.
fxe6 fxe6 35. Kh2 Nb4 36. Kg3 Nxa2 37. Kxg4 Bc1 38. Ba1 Nb4 39. Nf4 Bxf4 40.
Kxf4 Nd3+ 41. Kg5 Kg7 42. h5 a5 43. h6+ Kh7 44. Kf6 Nf4 45. Bc3 Ne2 46. Bb2 Nf4
47. Bc1 Ne2 48. Kxe6 Nxc1 49. Kf6 Nxb3 50. e6 Nd2 51. e7 Ne4+ 52. Ke6 Ng5+ 53.
Kxd5 1-0

[Event "CAN-op"]
[Site "Toronto CAN"]
[Date "2010.07.11"]
[Round "2"]
[White "Kleinman, Michael"]
[Black "Friedel, Joshua"]
[Result "0-1"]
[WhiteElo "2233"]
[BlackElo "2586"]
[PlyCount "83"]
[EventDate "2010.07.10"]
[EventType "swiss"]
[EventRounds "9"]
[EventCountry "CAN"]

1. e4 e5 2. Nf3 Nc6 3. Bb5 a6 4. Ba4 Nf6 5. O-O b5 6. Bb3 Bc5 7. a4 Rb8 8. axb5
axb5 9. Nxe5 Nxe5 10. d4 Bxd4 11. Qxd4 d6 12. f4 Nc6 13. Qc3 Ne7 14. e5 Ne4 15.
Qe1 Nc5 16. Ba2 O-O 17. b4 Na4 18. Nc3 Nxc3 19. Qxc3 Rb6 20. exd6 Rxd6 21. Be3
Bb7 22. f5 Qd7 23. Qe5 Re8 24. f6 Nd5 25. Qg5 Nxf6 26. Bc5 h6 27. Qg3 Re2 28.
Bxd6 Rxg2+ 29. Qxg2 Bxg2 30. Kxg2 Qxd6 31. Bb3 Qxb4 32. Rad1 Qe4+ 33. Kg1 c5
34. Rfe1 Qg4+ 35. Kf2 c4 36. Ba2 Ne4+ 37. Ke3 Nc3 38. Ra1 Qe4+ 39. Kd2 Qd4+ 40.
Kc1 Ne4 41. Rb1 Qd2+ 42. Kb2 0-1

[Event "CAN-op"]
[Site "Toronto CAN"]
[Date "2010.07.11"]
[Round "2"]
[White "Martchenko, Alexander"]
[Black "Rozentalis, Eduardas"]
[Result "0-1"]
[WhiteElo "2382"]
[BlackElo "2607"]
[PlyCount "65"]
[EventDate "2010.07.10"]
[EventType "swiss"]
[EventRounds "9"]
[EventCountry "CAN"]

1. e4 e6 2. d4 d5 3. Nc3 Nc6 4. e5 Nge7 5. Nce2 Nf5 6. c3 f6 7. exf6 Qxf6 8.
Nf3 Bd6 9. Ng3 O-O 10. Nxf5 exf5 11. Bd3 Re8+ 12. Kd2 f4 13. Qb3 Ne7 14. Re1
Bf5 15. Rxe7 Rxe7 16. Qxd5+ Be6 17. Qxb7 Rae8 18. Kc2 Bf7 19. Qxa7 Bg6 20. Qa6
Re2+ 21. Nd2 Rxf2 22. a4 Rxg2 23. a5 f3 24. Qc4+ Kf8 25. Qc6 Ree2 26. Qa8+ Ke7
27. a6 Qg5 28. Bxg6 Rxd2+ 29. Bxd2 Rxd2+ 30. Kb1 Qxg6+ 31. Ka2 Qe6+ 32. d5 Rxd5
33. Qxd5 0-1

[Event "CAN-op"]
[Site "Toronto CAN"]
[Date "2010.07.11"]
[Round "2"]
[White "McCleary, Reuben"]
[Black "Yu, Stephen"]
[Result "1-0"]
[WhiteElo "1597"]
[BlackElo "1314"]
[PlyCount "65"]
[EventDate "2010.07.10"]
[EventType "swiss"]
[EventRounds "9"]
[EventCountry "CAN"]

1. e4 c5 2. c3 Nc6 3. d4 d5 4. exd5 Qxd5 5. Nf3 Bg4 6. Be2 Nf6 7. O-O e6 8. Be3
cxd4 9. cxd4 Bb4 10. Nc3 Qd7 11. Qb3 O-O 12. Rfd1 Rad8 13. Ne5 Qc7 14. Nxg4
Nxg4 15. Bxg4 Ba5 16. Rac1 Bb6 17. d5 Bxe3 18. fxe3 Ne5 19. Be2 Rfe8 20. Ne4
Qb6 21. Qxb6 axb6 22. dxe6 fxe6 23. Rxd8 Rxd8 24. Rc7 Rd7 25. Rxd7 Nxd7 26. Bc4
Kf7 27. Nd6+ Kf6 28. Nxb7 Nc5 29. Nxc5 bxc5 30. a4 Ke5 31. a5 Kd6 32. Kf2 e5
33. Kf3 1-0